000 00422nam a2200145Ia 4500
008 231129s1999||||xx |||||||||||||| ||spa||
020 _a958-20-0484-3
040 _bspa
082 _a 371.337 Z88m
100 _aZorrillo Pallavicino Alix
245 0 _aMusicoterapia: Música juego aprendizaje
260 _c1999
264 _aCooperativa Editorial Magisterio
942 _2ddc
_cBKS
999 _c21545
_d21545